| 000 | 00727nam a22002417a 4500 | ||
|---|---|---|---|
| 005 | 20170124110206.0 | ||
| 010 | _aA-599844 | ||
| 020 |
_c00.00 _a8185015589 |
||
| 035 | _aA-599844 | ||
| 037 | _bCen Lib/Ret | ||
| 040 |
_aDPL _bEN |
||
| 082 |
_a001.6442 _bDAT |
||
| 100 |
_aDate, C.J. _937382 |
||
| 245 |
_aAn itroduction to database system / _cby C.J. Date |
||
| 250 | _a3rd ed | ||
| 260 |
_aNew Delhi _bNarosa publishing house _c1993 |
||
| 270 |
_a6, Community centre, Panshcheel park _bNew Delhi _e110017 |
||
| 300 |
_axxx,580p. _c20cm(Hb) |
||
| 500 | _aIncludes index | ||
| 650 |
_aComputer science _974130 |
||
| 650 |
_aDatabase management system _974131 |
||
| 942 |
_2ddc _cEN _h001.6442 _mDAT |
||
| 999 |
_c133261 _d133261 |
||